El aborto provocado : texto de la Declaración, y documentos de diversos episcopados /

En este documento se incluye, comenta y contextualiza la Declaración sobre el aborto provocado (1974), y otros documentos del Magisterio de la Iglesia posteriores relacionados con este tema, los cuales llevaron a la redacción de la encíclica Evangelium vitae por Juan Pablo II. También recoge interve...

Fuld beskrivelse

Guardado en:
Bibliografiske detaljer
Institution som forfatter: Iglesia Católica. Congregación para la Doctrina de la Fe
Andre forfattere: Ratzinger, Joseph (introducción) (introducción)
Format: Bog
Sprog:spansk
Udgivet: Madrid, España : Palabra, 2000, c2000
Udgivelse:2a edición
Serier:(Libros Palabra ; 30)
Fag:
Tags: Tilføj Tag
Ingen Tags, Vær først til at tagge denne postø!

MARC

LEADER 00000nam^a2200000^a^4500
001 000181683
005 20250521000000.0
009 20260310101939.551
020 |a 84-8239-389-8 
037 |a Acervo ITESO - Biblioteca 
041 |a ESP 
082 |a 262. 91  |b IGL CDF ABO 
110 |a Iglesia Católica.  |b Congregación para la Doctrina de la Fe 
240 1 1 |a [Cartas y Documentos Doctrinales] 
245 1 3 |a El aborto provocado :  |b texto de la Declaración, y documentos de diversos episcopados /  |c Pról. de Juan Antonio Reig ; introd. de J. Ratzinger. 
250 |a 2a edición 
264 4 |a Madrid, España :  |b Palabra,  |c 2000, c2000 
300 |a 164 p. 
336 |a texto  |b txt  |2 rdacontenido 
337 |a sin mediación  |b n  |2 rdamedio 
338 |a volumen  |b nc  |2 rdasoporte 
440 1 |a (Libros Palabra ;  |v 30) 
500 |a Traducción de: Dichiarazione sull'aborto procurato 
520 |a En este documento se incluye, comenta y contextualiza la Declaración sobre el aborto provocado (1974), y otros documentos del Magisterio de la Iglesia posteriores relacionados con este tema, los cuales llevaron a la redacción de la encíclica Evangelium vitae por Juan Pablo II. También recoge intervenciones de varios episcopados del mundo en las que se refleja cómo dicha Declaración se ha aplicado a las situaciones concretas de cada país. 
649 |a XX 
650 |a Aborto -  |x Aspectos Eticos 
650 |a Vida (Biología) 
650 |a Reproducción Humana 
650 |a Reproducción Asistida 
650 |a Relaciones de Pareja 
650 |a Sexualidad 
650 |a Etica Cristiana 
650 |a Vida Cristiana 
650 |a Conducta de Vida 
650 |a Teología Doctrinal 
650 |a Iglesia Católica -  |x Documentos Doctrinales 
650 |a Catolicismo 
650 |a Cristianismo 
650 |a Religión 
700 |a Ratzinger, Joseph  |e (introducción) 
910 |a Fondo General 
920 |a Impresos - Libros 
930 |a Colección General 
905 |a 101 
901 |a 0500121430  |b IT1  |c ACC  |u 20250521 
902 |a https://opac.biblio.iteso.mx/vufind/Record/000181683